000
00262nam a2200109Ia 4500
008
190216s9999||||xx |||||||||||||| ||und||
100
_a
"Wran,Martin"
245
0
_a
High School English Grammer&Composition
260
_b
Longmans
650
_a
English
942
_c
BK
999
_c
11825
_d
11825